000 00445nam a2200157Ia 4500
008 240729s9999 xx 000 0 und d
022 _a2722-1253
245 0 _aIndonesian Journal of Dental Medicine
260 _aIndonesia
260 _bFaculty of Dental Medicine, Universitas Airlangga
650 _a Dentistry
650 _aMedicine
856 _uhttps://doaj.org/toc/a0258102906b425b943c8d3a4e5bd144
942 _2ddc
942 _cDOAJEJ
999 _c66875
_d66875
945 _a1
_bMadushi Gamage
_c1
_dMadushi Gamage